=LDR 00000nam 2200000 4500 =001 INLIS000000000040471 =005 20130612150032 =008 ***********************************Ind** =035 ##$$0010-061300000040471 =041 ##$$a Ind =082 ##$$a 500.5 =090 ##$$a 500.5, Fay s =100 ##$$a Fayeldi Trijo =245 ##$$a Seni jelajah sains, Antariksa/Trijo Fayeldi, Syarif Nurhakim =260 ##$$a 2011 $b Jakarta =300 ##$$a 64 hlm., ilus., 25 cm =650 ##$$a Antariksa, Ilmu =700 ##$$a Nurhakim, Syarif =850 ##$$a NBPNMAT